| 000 -LEADER |
| fixed length control field |
01055nam a2200277 4500 |
| 001 - CONTROL NUMBER |
| control field |
22727 |
| 003 - CONTROL NUMBER IDENTIFIER |
| control field |
BD-DhUAP |
| 005 - DATE AND TIME OF LATEST TRANSACTION |
| control field |
20250617154951.0 |
| 008 - FIXED-LENGTH DATA ELEMENTS--GENERAL INFORMATION |
| fixed length control field |
141027s2014 nyuab 001 0 eng d |
| 020 ## - INTERNATIONAL STANDARD BOOK NUMBER |
| International Standard Book Number |
9781409345718 |
| 040 ## - CATALOGING SOURCE |
| Original cataloging agency |
YDXCP |
| Language of cataloging |
eng |
| Transcribing agency |
BD-DhUAP |
| Description conventions |
BD-DhUAP |
| Modifying agency |
BD-DhUAP |
| 082 04 - DEWEY DECIMAL CLASSIFICATION NUMBER |
| Classification number |
912.09 BRO |
| Edition number |
23 |
| 100 1# - MAIN ENTRY--PERSONAL NAME |
| Personal name |
Brotton, Jerry, |
| Relator term |
author. |
| 245 10 - TITLE STATEMENT |
| Title |
Great maps / |
| Statement of responsibility, etc. |
Jerry Brotton. |
| 250 ## - EDITION STATEMENT |
| Edition statement |
First American edition. |
| 264 #1 - PRODUCTION, PUBLICATION, DISTRIBUTION, MANUFACTURE, AND COPYRIGHT NOTICE |
| Place of production, publication, distribution, manufacture |
New York, New York : |
| Name of producer, publisher, distributor, manufacturer |
DK Publishing, |
| Date of production, publication, distribution, manufacture, or copyright notice |
2014. |
| 300 ## - PHYSICAL DESCRIPTION |
| Extent |
256 pages : |
| Other physical details |
illustrations, maps (some color) ; |
| Dimensions |
31 cm. |
| 500 ## - GENERAL NOTE |
| General note |
Includes index. |
| 505 0# - FORMATTED CONTENTS NOTE |
| Formatted contents note |
Classical maps 1500 BC-1300 CE -- Discovery and travel 1300-1570 -- New directions and beliefs 1570-1750 -- Thematic maps 1750-1900 -- Modern mapping 1900 to present. |
| 520 ## - SUMMARY, ETC. |
| Summary, etc. |
Traces human development and culture through cartography, from early rock carvings to the latest geospatial technology. |
| 650 #0 - SUBJECT ADDED ENTRY--TOPICAL TERM |
| Topical term or geographic name entry element |
Cartography |
| General subdivision |
History. |
| 650 #0 - SUBJECT ADDED ENTRY--TOPICAL TERM |
| Topical term or geographic name entry element |
Cartography. |
| 650 #0 - SUBJECT ADDED ENTRY--TOPICAL TERM |
| Topical term or geographic name entry element |
Maps. |
| 710 2# - ADDED ENTRY--CORPORATE NAME |
| Corporate name or jurisdiction name as entry element |
Smithsonian Institution. |
| 942 ## - ADDED ENTRY ELEMENTS (KOHA) |
| Source of classification or shelving scheme |
|
| Koha item type |
Book |